000 00892nam a22003017a 4500
003 IBSLLIB
005 20260515084503.0
008 260515b |||||||| |||| 00| 0 eng d
022 _a0877957843
040 _aIBSLLIB
_beng
041 _hEng
082 _a658
_bJOH
100 _aJohnston , Moira
245 _aTAKEOVER :
_bThe New Wall Street Warriors : The Men, The Money, The Impact
260 _aNew York :
_bA Belevedere Book ,
_c1986
300 _a395 p ;
_c24 cm
505 _aGrown Zellerbach Corporation
505 _aBidder and Dissident Shareholder
505 _aTrans World Airlines
505 _aUnocal corporation
505 _aGetty Oil
505 _aThe Outside Players
650 _aTechnology
650 _aManagement and auxiliary services
653 _aConsolidation and merger of corporation
653 _aTender offers
942 _cLBK
999 _c22148
_d22148